01843nam a2200241Ia 4500001000600000003000900006008004100015040001300056040001300069041001300082100002100095100002900116245006400145245006400209250001100273260000900284260001200293260004900305300005700354500111600411650004301527650003101570H5554IT-RoPAU130308s9999 xx 000 0 und d aIT-RoPAU cIT-RoPAU aITALIANO aCapecchi Saveria gCodice Aut. SPICS: 43895 a"Audience ""attiva"" (L'). Effetti e usi sociali dei media" b"Audience ""Attiva"" (L'). Effetti e Usi Sociali dei Media" a1a ed. aROMA bCarocci c2004 [1° Ed.:2004 - Ed.Ling.Originale:2004] a"232 p. (prefazione: no ; testo: 232 [pagine: 0-0])" a"Esperienza dei Media di Pina Lalli. Riferimenti Bibliografici. Iterazioni Mediate: Comunicazione faccia a faccia e Comunicazione Mediata; Cambiamentiintrodotti Dai Media nella Vita Quotidiana. teorie Sugli Effetti dei Mediae Modelli Comunicativi: Teoria Ipodermica, Audience Passiva; Teoria Influenza Selettiva, Audience Ostinata (Teoria Persuasione; Teoria Effetti Limitati); Teoria Usi e Gratificazioni, Audience Attiva (Funzioni e Disfunzioni Media; Usi e Gratificazioni del Pubblico); Teoria Critica Versus Ricerca Amministrativa; teorie Effetti a lungo Termine, Costruzione Sociale Realtà (Teoria Spirale del Silenzio; Teoria della Coltivazione; Teoria della Dipendenza; Teoria dell'agenda Setting); Approccio Teorico/Empirico Audience Studies, Audience Situata; Modelli comunicativi (Modello Informazionale; Modelli Semiotici; Encoding/Decoding Model). Usi Sociali dei Media: pubblici dei Media; Usi Sociali della Televisione (Ricerche Sugli Usi femminili della Tv; ricerche Sugli Usi familiari della Tv); Usi Sociali di Internet; Audienceresistente o Condizionata? Bibliografia. indice delle Schede." aSOCIOLOGIA DELLA COMUNICAZIONE SOCIALE eCodice materia Spics: 3806